Music Quiz

Random Music or Artist Quiz

Mystery Music Spree Quiz Stats

 Plays Quiz not verified by Sporcle

Challenge
Share
Tweet
Embed
Score 0/167 Timer 12:00
0 Plays Today
% Correct
the
96.2%
a
96.2%
a
96.2%
and
96.2%
a
96.2%
the
96.2%
a
96.2%
a
96.2%
a
96.2%
The
96.2%
(The
96.2%
And
96.2%
the
96.2%
A
96.2%
(The
96.2%
the
96.2%
the
96.2%
the
96.2%
the
96.2%
the
96.2%
you?
91.3%
you
91.3%
you
91.3%
you
91.3%
You
91.3%
you
91.3%
are
78.3%
are
78.3%
are
78.3%
are
78.3%
is
77.2%
is
77.2%
is
77.2%
in
75%
in
75%
in
75%
in
75%
in
75%
In
75%
how
73.4%
on
73.4%
how
73.4%
to
72.3%
to
72.3%
what
70.1%
what
70.1%
no
67.9%
where
67.9%
so
67.4%
so
67.4%
when
65.2%
of
64.7%
Of
64.7%
that
60.9%
that
60.9%
that
60.9%
% Correct
my
59.8%
my
59.8%
if
59.2%
there
57.6%
Have
57.1%
You're
53.8%
day.
52.7%
all
52.2%
all
52.2%
It's
50.5%
it's
50.5%
been
50%
know
47.8%
don't
46.7%
don't
46.7%
I
46.2%
I
46.2%
I
46.2%
up
45.1%
now
41.3%
see
40.8%
Hello,
39.7%
say,
39.1%
here
38.6%
was
38%
I'd
35.9%
I'd
35.9%
way
35.9%
oh
35.3%
down
35.3%
down
35.3%
gone,
32.6%
tell
32.1%
get
32.1%
right
29.9%
more.)
27.2%
you'd
25.5%
world.
24.5%
those
23.9%
sky,
23.9%
Sky
23.9%
Sun
23.4%
sun
23.4%
sun
23.4%
That's
21.2%
lonely
20.1%
lonely
20.1%
lonely
20.1%
lonely
20.1%
lonely
20.1%
nights?
19.6%
everything
18.5%
everything
18.5%
shine
17.9%
ain't
16.8%
new
16.8%
% Correct
through
16.3%
through
16.3%
high.
16.3%
cloud
15.8%
blue
15.8%
Electric Light Orchestra
15.8%
Blue
15.8%
beautiful
15.2%
lights
15.2%
today.
15.2%
sight.
14.7%
shinin'
14.1%
low.
13%
into
12%
mind
12%
once
12%
streets
11.4%
streets
11.4%
pick
10.9%
city
10.9%
city
10.9%
telephone.
10.3%
play
9.2%
Mr.
9.2%
shines
9.2%
living
8.7%
fly
8.2%
turn
8.2%
turn
8.2%
empty
7.6%
Runnin'
7.6%
rainin',
7.1%
brightly
6%
stopped
5.4%
stone
5.4%
songs
5.4%
stone
5.4%
stone.
5.4%
sound
4.9%
avenue,
4.9%
alive
3.8%
pity
3.3%
everybody's
2.7%
broken
2.7%
strange
2.2%
strange
2.2%
magic,
1.6%
magic.
1.6%
echoes
1.1%
dawn.
0.5%
daylight.)
0.5%
sailing
0%
softly
0%
age
0%
flows
0%

You're not logged in!

Compare scores with friends on all Sporcle quizzes.
Join for Free
OR
Log In

You Might Also Like...

Show Comments

Extras

Created Aug 29, 2011SourceReportNominate
Tags:Artist Quiz, mystery, spree

Top Quizzes Today


Score Distribution

Your Account Isn't Verified!

In order to create a playlist on Sporcle, you need to verify the email address you used during registration. Go to your Sporcle Settings to finish the process.

Report this User

Report this user for behavior that violates our Community Guidelines.

Details: